书目信息 |
| 题名: |
生态文明建设中的新农村规划设计
|
|
| 作者: | 王宇 著 | |
| 分册: | ||
| 出版信息: | 北京 中国水利水电出版社 2017.05 |
|
| 页数: | 297页 | |
| 开本: | 24cm | |
| 丛书名: | ||
| 单 册: | ||
| 中图分类: | TU982.29 | |
| 科图分类: | ||
| 主题词: | 乡村规划--中国 | |
| 电子资源: | ||
| ISBN: | 978-7-5170-5441-2 | |
| 000 | 00933nam0 2200217 450 | |
| 001 | 5639 | |
| 005 | 20181016144351.22 | |
| 010 | @a978-7-5170-5441-2@dCNY60.00 | |
| 100 | @a20171116d2017 em y0chiy50 ea | |
| 101 | 0 | @achi |
| 102 | @aCN@b110000 | |
| 105 | @aa z 000yy | |
| 200 | 1 | @a生态文明建设中的新农村规划设计@9sheng tai wen ming jian she zhong de xin nong cun gui hua she ji@f王宇著 |
| 210 | @a北京@c中国水利水电出版社@d2017.05 | |
| 215 | @a297页@c图,照片@d24cm | |
| 330 | @a本书围绕生态文明建设中的新农村规划设计进行分析,内容包括生态文明建设与新农村建设的关系、新农村建设规划概述、新型农村生态社区建设规划、生态文明建设下的新农村公共服务设施规划、生态化的新农村基础服务设施规划、新农村生态景观规划、新农村生态人居住宅建筑设计、新农村生态环境卫生保护规划及策略等。 | |
| 606 | 0 | @a乡村规划@y中国 |
| 690 | @aTU982.29@v5 | |
| 701 | 0 | @a王宇@9wang yu@4著 |
| 801 | 0 | @aCN@b91MARC@c20171116 |
| 905 | @aMuseLib@dTU982.29@e1491 | |
| 生态文明建设中的新农村规划设计/王宇著.-北京:中国水利水电出版社,2017.05 |
| 297页:图,照片;24cm |
| ISBN 978-7-5170-5441-2:CNY60.00 |
| 本书围绕生态文明建设中的新农村规划设计进行分析,内容包括生态文明建设与新农村建设的关系、新农村建设规划概述、新型农村生态社区建设规划、生态文明建设下的新农村公共服务设施规划、生态化的新农村基础服务设施规划、新农村生态景观规划、新农村生态人居住宅建筑设计、新农村生态环境卫生保护规划及策略等。 |
| ● |
| 相关链接 |
|
|
|
|
正题名:生态文明建设中的新农村规划设计
索取号:TU982.29/1491
 
预约/预借
| 序号 | 登录号 | 条形码 | 馆藏地/架位号 | 状态 | 备注 |
| 1 | 1130631 | 211306317 | 第二样本阅览室/ [索取号:TU982.29/1491] | 在馆 | |
| 2 | 1130632 | 211306326 | 第三借阅区/ [索取号:TU982.29/1491] | 在馆 | |
| 3 | 1130633 | 211306335 | 第三借阅区/ [索取号:TU982.29/1491] | 在馆 | |
| 4 | 1130634 | 211306344 | 第三借阅区/ [索取号:TU982.29/1491] | 在馆 | |
| 5 | 1130635 | 211306353 | 密集书库-生命科学系/ [索取号:TU982.29/1491] | 在馆 |